Atom optics (Record no. 478358)

000 -LEADER
fixed length control field 01285cam a22003254a 4500
001 - CONTROL NUMBER
control field 12308767
003 - CONTROL NUMBER IDENTIFIER
control field NUST
005 - DATE AND TIME OF LATEST TRANSACTION
control field 20180523051044.0
008 - FIXED-LENGTH DATA ELEMENTS--GENERAL INFORMATION
fixed length control field 010213s2001 nyua b 001 0 eng
010 ## - LIBRARY OF CONGRESS CONTROL NUMBER
LC control number 2001020451
020 ## - INTERNATIONAL STANDARD BOOK NUMBER
International Standard Book Number 0387952748 (alk. paper)
038 ## - RECORD CONTENT LICENSOR
Staff Name SNS Library
040 ## - CATALOGING SOURCE
Original cataloging agency DLC
Transcribing agency DLC
Modifying agency DLC
042 ## - AUTHENTICATION CODE
Authentication code pcc
050 00 - LIBRARY OF CONGRESS CALL NUMBER
Classification number QC446.2
Item number .M46 2001
082 00 - DEWEY DECIMAL CLASSIFICATION NUMBER
Classification number 535.15
Edition number 21
100 1# - MAIN ENTRY--PERSONAL NAME
Personal name Meystre, Pierre.
9 (RLIN) 10460
245 10 - TITLE STATEMENT
Title Atom optics
Statement of responsibility, etc. Pierre Meystre.
260 ## - PUBLICATION, DISTRIBUTION, ETC.
Place of publication, distribution, etc. New York :
Name of publisher, distributor, etc. AIP Press/Springer,
Date of publication, distribution, etc. c2001.
300 ## - PHYSICAL DESCRIPTION
Extent xvi, 311 p. :
Other physical details ill. ;
Dimensions 24 cm.
440 #0 - SERIES STATEMENT/ADDED ENTRY--TITLE
Title Springer series on atomic, optical, and plasma physics ;
Volume/sequential designation 33
9 (RLIN) 10461
504 ## - BIBLIOGRAPHY, ETC. NOTE
Bibliography, etc. note Includes bibliographical references (p. [269]-302) and index.
650 #0 - SUBJECT ADDED ENTRY--TOPICAL TERM
Topical term or geographic name entry element Quantum optics.
9 (RLIN) 10312
650 #0 - SUBJECT ADDED ENTRY--TOPICAL TERM
Topical term or geographic name entry element Atoms.
9 (RLIN) 10462
856 42 - ELECTRONIC LOCATION AND ACCESS
Materials specified Publisher description
Uniform Resource Identifier <a href="http://www.loc.gov/catdir/enhancements/fy0816/2001020451-d.html">http://www.loc.gov/catdir/enhancements/fy0816/2001020451-d.html</a>
856 41 - ELECTRONIC LOCATION AND ACCESS
Materials specified Table of contents only
Uniform Resource Identifier <a href="http://www.loc.gov/catdir/enhancements/fy0816/2001020451-t.html">http://www.loc.gov/catdir/enhancements/fy0816/2001020451-t.html</a>
906 ## - LOCAL DATA ELEMENT F, LDF (RLIN)
a 7
b cbc
c orignew
d 1
e ocip
f 20
g y-gencatlg
942 ## - ADDED ENTRY ELEMENTS (KOHA)
Source of classification or shelving scheme
Koha item type Book
Holdings
Withdrawn status Lost status Source of classification or shelving scheme Damaged status Not for loan Permanent Location Current Location Date acquired Total Checkouts Full call number Barcode Date last seen Price effective from Koha item type Total Renewals Date last checked out Shelving location
          School of Natural Sciences (SNS) School of Natural Sciences (SNS) 05/23/2018   535.15 SNS0002443 05/23/2018 05/23/2018 Book      
          School of Natural Sciences (SNS) School of Natural Sciences (SNS) 05/23/2018 2 535.15 SNS0002444 11/16/2020 05/23/2018 Book 3 02/13/2020  
          School of Natural Sciences (SNS) School of Natural Sciences (SNS) 05/23/2018 1 535.15 SNS0002445 04/23/2021 05/23/2018 Book 3 02/14/2020  
          School of Natural Sciences (SNS) School of Natural Sciences (SNS) 05/23/2018   535.15 SNS0002446 05/23/2018 05/23/2018 Book      
        Not For Loan School of Natural Sciences (SNS) School of Natural Sciences (SNS) 05/23/2018   535.15 SNS0002447 07/05/2021 05/23/2018 Book     Reference
© 2023 Central Library, National University of Sciences and Technology. All Rights Reserved.